Lives in trust : the fortunes of dynastic families in late twentieth-century America

Αποθηκεύτηκε σε:
Λεπτομέρειες βιβλιογραφικής εγγραφής
Κύριος συγγραφέας: Marcus, George E.
Άλλοι συγγραφείς: Hall, Peter Dobkin 1946-
Μορφή: Βιβλίο
Γλώσσα:English
Δημοσίευση: Boulder : Westview , 1992
Σειρά:Institutional structures of feeling
Θέματα:
Ετικέτες: Προσθήκη ετικέτας
Δεν υπάρχουν, Καταχωρήστε ετικέτα πρώτοι!

MARC

LEADER 00000nam a2200000 i 4500
001 1/61016
008 930908s eng d
020 |a 0-8133-0467-9 
035 |a ΛΕΣΒΟΣb10000784  |l 10000784 
040 |a GR-MY-UA  |b gre  |e aacr 
041 0 |a eng 
082 0 |a 305.52209730904 
100 1 |a Marcus, George E. 
245 1 0 |a Lives in trust :  |b the fortunes of dynastic families in late twentieth-century America /  |c George E. Marcus; Peter Dobkin Hall 
260 |a Boulder :   |b Westview ,   |c 1992 
300 |a 353 p. 
490 1 |a Institutional structures of feeling 
504 |a Includes index and bibliographical references: p.357-368 
650 0 0 |a Wealth  |z United States  |x History  |y 20th century. 
650 0 0 |a Elite (Social sciences)  |z United States  |x History  |y 20th century. 
650 0 0 |a Family  |x Economic aspects  |z United States  |x History  |y 20th century. 
700 1 |a Hall, Peter Dobkin  |d 1946- 
830 0 |a Institutional structures of feeling 
852 |a INST  |b LESVOS  |e 19930908  |h 305.52209730904 MAR  |p 005100010056  |q 005100010056  |t BK  |y 0 
909 |a Λ  |b 025432